Freedom and death: (Record no. 233038)
[ view plain ]
| 000 -LEADER | |
|---|---|
| fixed length control field | 00881cam a22002651 4500 |
| 001 - CONTROL NUMBER | |
| control field | 6600934 |
| 003 - CONTROL NUMBER IDENTIFIER | |
| control field | Nust |
| 005 - DATE AND TIME OF LATEST TRANSACTION | |
| control field | 20170228103927.0 |
| 008 - FIXED-LENGTH DATA ELEMENTS--GENERAL INFORMATION | |
| fixed length control field | 800820s1966 enk 000 0 eng |
| 010 ## - LIBRARY OF CONGRESS CONTROL NUMBER | |
| LC control number | 66066335 |
| 015 ## - NATIONAL BIBLIOGRAPHY NUMBER | |
| National bibliography number | B66-10152 |
| 020 ## - INTERNATIONAL STANDARD BOOK NUMBER | |
| International Standard Book Number | 9780571178575 |
| 035 ## - SYSTEM CONTROL NUMBER | |
| System control number | (OCoLC)6639131 |
| 040 ## - CATALOGING SOURCE | |
| Original cataloging agency | DLC |
| Transcribing agency | OAkU |
| Modifying agency | DLC |
| 041 1# - LANGUAGE CODE | |
| Language code of text/sound track or separate title | enggre |
| 042 ## - AUTHENTICATION CODE | |
| Authentication code | premarc |
| 050 00 - LIBRARY OF CONGRESS CALL NUMBER | |
| Classification number | PZ3.K1884 |
| Item number | Fr 3 |
| 082 ## - DEWEY DECIMAL CLASSIFICATION NUMBER | |
| Classification number | 889.332 |
| Author Mark | KAZ |
| 100 1# - MAIN ENTRY--PERSONAL NAME | |
| Personal name | Kazantzakis, Nikos, |
| Dates associated with a name | 1883-1957. |
| 245 10 - TITLE STATEMENT | |
| Title | Freedom and death: |
| Remainder of title | a novel; |
| Statement of responsibility, etc. | Nikos Kazantzakis; |
| 260 ## - PUBLICATION, DISTRIBUTION, ETC. | |
| Place of publication, distribution, etc. | Oxford, |
| Name of publisher, distributor, etc. | Bruno Cassirer; |
| Place of publication, distribution, etc. | London, |
| Name of publisher, distributor, etc. | Faber, |
| Date of publication, distribution, etc. | 1966. |
| 300 ## - PHYSICAL DESCRIPTION | |
| Extent | 3-472 p. |
| Dimensions | 19 cm. |
| 500 ## - GENERAL NOTE | |
| General note | Translation of Ho Kapetan Michalēs (romanized form) |
| 651 #0 - SUBJECT ADDED ENTRY--GEOGRAPHIC NAME | |
| Geographic name | Crete (Greece) |
| General subdivision | History |
| Form subdivision | Fiction. |
| 906 ## - LOCAL DATA ELEMENT F, LDF (RLIN) | |
| a | 7 |
| b | cbc |
| c | oclcrpl |
| d | u |
| e | ncip |
| f | 19 |
| g | y-gencatlg |
| 942 ## - ADDED ENTRY ELEMENTS (KOHA) | |
| Source of classification or shelving scheme | |
| Koha item type | Book |
| Withdrawn status | Lost status | Source of classification or shelving scheme | Damaged status | Not for loan | Collection code | Permanent Location | Current Location | Shelving location | Date acquired | Total Checkouts | Full call number | Barcode | Date last seen | Copy number | Price effective from | Koha item type |
|---|---|---|---|---|---|---|---|---|---|---|---|---|---|---|---|---|
| Central Library (CL) | Central Library (CL) | Fiction | 02/28/2017 | 889.332 KAZ | CL260 | 02/28/2017 | 1 | 02/28/2017 | Book |
